000 00839nac a22002417a 4500
001 BR9002213
003 BR-BrBNA
005 20240105121123.0
008 230509b bl.|||m| |||| 00| 0 por d
040 _aBR-BrBNA
_bpor
_cBiblioteca Nacional de Agricultura
072 _aF01
090 _a0210 BR9002213
100 1 _aMakishima, N.
110 1 _aCoordenadoria de Assistencia Tecnica Integral, Campinas, SP (Brasil). Depto. de Extensao Rural
_92967
245 1 _aIrrigacao na cultura da batata
260 3 _aCampinas, SP (Brasil):
_c1989.
300 _a8 p.
490 _aComunicado Tecnico - Coordenadoria de Assistencia Tecnica Integral. Depto. de Extensao Rural (Brazil)
_vno. 79
_xISSN 0100-3607
650 _aBATATA
650 _aCULTURA IRRIGADA
909 _a202312
_bLúcia Elande
_c55
_dLúcia Elande
942 _2AGRIS
_n0
_cMS
999 _c283419
_d283419